Devinez le Département Mystère #23 - Statistiques

Statistiques générales
  • Ce quiz a été pris 259 fois
  • Le résultat moyen est 25 sur 38
Statistiques - réponses
Type de Réponse Réponse % Correct
Lettre Trouvée E
100%
Lettre Trouvée A
99%
Lettre de l'Alphabet N
99%
Lettre Trouvée O
99%
Lettre Trouvée R
99%
Lettre Trouvée T
99%
Lettre Trouvée S
98%
Lettre de l'Alphabet I
96%
Lettre de l'Alphabet L
96%
Lettre de l'Alphabet U
95%
Lettre Trouvée D
94%
Lettre de l'Alphabet H
93%
Lettre Trouvée C
85%
Lettre Trouvée M
79%
Lettre de l'Alphabet V
78%
Lettre de l'Alphabet B
77%
Lettre de l'Alphabet P
76%
Lettre de l'Alphabet G
73%
Lettre de l'Alphabet Y
66%
Lettre de l'Alphabet F
59%
Lettre de l'Alphabet J
50%
Lettre de l'Alphabet Q
49%
Lettre de l'Alphabet Z
49%
Lettre de l'Alphabet X
48%
Lettre Bien Placée A
42%
Lettre Bien Placée C
42%
Département Mystère Côtes-d'Armor
42%
Lettre Bien Placée D
42%
Lettre Bien Placée E
42%
Lettre de l'Alphabet K
42%
Lettre Bien Placée M
42%
Lettre Bien Placée Ô
42%
Lettre Bien Placée O
42%
Lettre Bien Placée R
42%
Lettre Bien Placée R
42%
Lettre Bien Placée S
42%
Lettre Bien Placée T
42%
Lettre de l'Alphabet W
42%
Aucun quiz correspondant
Distribution des résultats
% des personnes avec chaque résultat
Percentile par nombre de réponses
Votre historique - résultats
Vous n’avez pas pris ce quiz